• 首页
  • 本馆介绍
  • 公告通知
  • 最新文献
  • 馆藏检索
  • 电子资源
  • 读者导购
  • 参考咨询
  • 我的图书馆
  • 登录
  • 详细信息显示
  • 放入我的书架
  • 预约/预借图书
  • 作者相关作品
  • 分类相关作品
  • 丛书相关作品
  • 出版社相关作品

书目信息

  • 表格格式
  • 工作单格式
  • 卡片格式
题名:
计算机开放系统互连国家标准选编
    
 
作者: 本社编
分册:  
出版信息: 北京   中国标准出版社  2000.03
页数: 768页
开本: 26cm
丛书名:
单 册:
中图分类: TP302.1-65
科图分类:
主题词: 计算技术 , 电子计算机
电子资源:
ISBN: 7-5066-2109-6
000 00634nam0 2200205 450
001 0771855243
005 20071213195817.70
010    @a7-5066-2109-6@dCNY150.00
100    @a20071213d2000 km y0chiy0120 ea
101 0  @achi
102    @aCN@b110000
200 1  @a计算机开放系统互连国家标准选编@Aji suan ji kai fang xi tong hu lian guo jia biao zhun xuan bian@f本社编@Fben she bian
210    @a北京@c中国标准出版社@d2000.03
215    @a768页@d26cm
606 0  @a计算技术
606 0  @a电子计算机
690    @aTP302.1-65@v4
801  0 @aCN@b大连网信软件有限公司图书馆@c20071213
905    @aBZT@dTP302.1-65@e1
906    @dCNY150.00@n0@r1
    
    计算机开放系统互连国家标准选编/本社编.-北京:中国标准出版社,2000.03
    768页;26cm
    
    
    ISBN 7-5066-2109-6:CNY150.00
    
●
相关链接 在五车中查询图书 在当当中查询图书 在豆瓣中查询图书


正题名:计算机开放系统互连国家标准选编     索取号:TP302.1-65/1         预约/预借

序号 登录号 条形码 馆藏地/架位号 状态 备注
1 627035   2000627035   中心书库中库/ 中库028架B面8列1层6/ [索取号:TP302.1-65/1] 在馆    
2 627036   2000627036   中心书库中库/ 中库028架B面9列4层36/ [索取号:TP302.1-65/1] 在馆    
3 627037   2000627037   中心书库中库/ 中库028架B面9列4层34/ [索取号:TP302.1-65/1] 在馆    
4 627038   2000627038   中心书库中库/ 中库028架B面9列4层37/ [索取号:TP302.1-65/1] 在馆    
5 627039   2000627039   中心书库中库/ 中库028架B面8列1层7/ [索取号:TP302.1-65/1] 在馆    
6 627040   2000627040   中心书库中库/ 中库028架B面9列4层38/ [索取号:TP302.1-65/1] 在馆    
7 627041   2000627041   中心书库中库/ 中库028架B面9列4层39/ [索取号:TP302.1-65/1] 在馆    
8 627042   2000627042   中心书库中库/ 中库028架B面9列4层35/ [索取号:TP302.1-65/1] 在馆    
9 627043   2000627043   中心书库中库/ 中库028架B面8列1层8/ [索取号:TP302.1-65/1] 在馆    
10 627044   2000627044   中心书库中库/ 中库028架B面9列4层40/ [索取号:TP302.1-65/1] 在馆    
山东省滨州职业学院图书馆 欢迎您!
大连网信软件有限公司© 版权所有